| 000 | 01585nam a2200457 i 4500 | ||
|---|---|---|---|
| 001 | 9715 | ||
| 003 | KOSZ 005 | ||
| 005 | 20240405063002.0 | ||
| 008 | 020718s1978 pl f |000 0 pol | ||
| 015 | _aPB 1978/7255 | ||
| 035 | _a991018920769705066 | ||
| 035 | _a(PL-WaBN)b15126572-48omnis_nlop | ||
| 035 | _ab15126572 | ||
| 035 | _a(OCoLC)831047310 | ||
| 035 | _a(PL)b0000001512657 | ||
| 035 | _a(EXLNZ-48OMNIS_NETWORK)9910124930305606 | ||
| 040 |
_aWA N _cWA N _dKOSZ 005/EG |
||
| 046 | _k1978 | ||
| 080 | _a32"18/19" | ||
| 100 | 1 |
_aSobolewska, Barbara _eAutor |
|
| 245 | 1 | 0 |
_aMyśl polityczna XIX i XX w. : _bliberalizm / _cBarbara Sobolewska, Marek Sobolewski. |
| 260 |
_aWarszawa : _bPaństwowe Wydaw. Naukowe, _c1978. |
||
| 300 |
_a600, [3] s. ; _c25 cm. |
||
| 336 |
_2rdacontent _aTekst _btxt |
||
| 337 |
_2rdamedia _aBez urządzenia pośredniczącego _bn |
||
| 338 |
_2rdacarrier _aWolumin _bnc |
||
| 380 | _aKsiążki | ||
| 388 | _a1901-2000 | ||
| 388 | _a1945-1989 | ||
| 500 | _aM. in. wybór z klasycznych dzieł myślicieli liberalnych tł. z ang. fr. niem. wł. | ||
| 648 | 7 |
_a1801-1900 _2DBN |
|
| 648 | 7 |
_a1901-2000 _2DBN |
|
| 650 | 7 |
_aLiberalizm _2DBN |
|
| 650 | 7 | _aHistoria | |
| 658 | _aPolityka, politologia, administracja publiczna | ||
| 700 | 1 |
_aSobolewski, Marek _d(1925-1983) _eAutor |
|
| 710 | 2 | _aPaństwowe Wydawnictwo Naukowe | |
| 856 |
_uhttp://koha.tu.koszalin.pl/cgi-bin/koha/opac-detail.pl?biblionumber=9715 _yKatalog online BPK |
||
| 942 |
_2UKD _cKS |
||
| 999 |
_c9715 _d9715 |
||